000 00947nam a22002537a 4500
003 DO-SdBNP
005 20250122105004.0
007 ta
008 211130b2018 pr a|||| |||| 00| 0 spa d
020 _a9789945608182
040 _aDO-SdBNP
_bspa
_cBNPHU
082 _bL951m
100 1 _aLugo Ramírez, Sonia,
_980775
245 1 0 _aMujer Tenaz :
_b15 Actitudes para enfrentar la vida /
_cSonia Lugo Ramírez ; coordinación editorial Doris E. Lugo Ramírez ; prólogo Sonia Lugo Ramírez.
260 _aSan Juan, Puerto Rico :
_bLibros del Caribe
_c2018.
300 _a162 p. :
_bil. ;
_c22 cm.
500 _aIncluye datos biográficos de la autora en la solapa de la cubierta
504 _aBibliografía : p. 161-162
590 _aInventariado, 2021 /LP .
700 1 _aLugo Ramírez, Sonia,
_e prólogo
_980775
700 1 _a Lugo Ramírez, Doris E.
_d1965-
_ecoordinación editorial
_986902
910 _a Lopérez.
942 _2ddc
_cLBS1
999 _c51069
_d51069